Genitál pro muže kapitál /

Hlavní autor: Lukeš, Martin
Další autoři: Novotný, Tomáš, Vik, Viktor, Janáčková, Laura, 1966-
Jazyk: Čeština
Vydáno: Pelhřimov : Nová tiskárna Pelhřimov, spol. s r.o., 2020
Vydání: První vydání
Témata:
Fyzický popis: 162 stran : barevné ilustrace ; 21 cm
Knihy
Uloženo v:
LEADER 02187nam a2200589 i 4500
001 nkc20203266687
003 CZ PrNK
005 20230126123600.0
007 ta
008 201127s2020 xr a e f 000 0 cze
015 |a cnb003266687 
020 |a 978-80-7415-213-9  |q (vázáno) 
035 |a (OCoLC)1250248664 
040 |a BOA001  |b cze  |d OLA001  |e rda 
072 7 |a 612  |x Fyziologie člověka a srovnávací fyziologie  |2 Konspekt  |9 14 
080 |a 612.61.057  |2 MRF 
080 |a 613.88-055.1  |2 MRF 
080 |a 612.614  |2 MRF 
080 |a 616.66  |2 MRF 
080 |a 613.88  |2 MRF 
080 |a 616.69  |2 MRF 
080 |a 616.64/.69  |2 MRF 
080 |a (0.062)  |2 MRF 
100 1 |a Lukeš, Martin  |7 ola2004220083  |4 aut 
245 1 0 |a Genitál pro muže kapitál /  |c Martin Lukeš, Tomáš Novotný, Viktor Vik a Laura Janáčková 
250 |a První vydání 
264 1 |a Pelhřimov :  |b Nová tiskárna Pelhřimov, spol. s r.o.,  |c 2020 
300 |a 162 stran :  |b barevné ilustrace ;  |c 21 cm 
336 |a text  |b txt  |2 rdacontent 
337 |a bez média  |b n  |2 rdamedia 
338 |a svazek  |b nc  |2 rdacarrier 
650 0 7 |a mužská sexualita  |7 ph134915  |2 czenas 
650 0 7 |a penis  |7 ph124026  |2 czenas 
650 0 7 |a sexuální hygiena  |7 ph135028  |2 czenas 
650 0 7 |a sexuální dysfunkce u mužů  |7 ph125512  |2 czenas 
650 0 7 |a nemoci mužského pohlavního ústrojí  |7 ph138287  |2 czenas 
650 0 9 |a male sexuality  |2 eczenas 
650 0 9 |a penis  |2 eczenas 
650 0 9 |a sexual hygiene  |2 eczenas 
650 0 9 |a male sexual dysfunction  |2 eczenas 
650 0 9 |a male reproduction tract diseases  |2 eczenas 
655 7 |a populárně-naučné publikace  |7 fd131864  |2 czenas 
655 9 |a popular works  |2 eczenas 
700 1 |a Novotný, Tomáš  |7 xx0069192  |4 aut 
700 1 |a Vik, Viktor  |7 xx0104936  |4 aut 
700 1 |a Janáčková, Laura,  |d 1966-  |7 mzk2007390650  |4 aut 
910 2 |a BOA001  |b 2-1460.968 
990 |a BK 
995 |a 01 
991 |b 202105  |c NOV 
996 6 |b 2610858366  |c 2-1460.968  |l MZK  |r Sklad / do 1 hodiny  |n 1  |p p.v.  |w 001844718  |u 000010  |a 1  |e BOA001  |j MZK50  |s P 
996 7 |b 2610859791  |c 2-1460.968  |l Vol.výběr  |r VV 1p  |n 12  |p kup  |h 616.6 LUK  |w 001844718  |u 000020  |a 0  |e BOA001  |j MZK50  |s A